Horarios y sociedad una visin̤ multidisciplinar /

Bibliographic Details
Main Author: Sǹchez de la Blanca, Teresa Belln̤
Other Authors: Buqueras y Bach, Ignacio
Format: eBook
Language:Spanish
Published: Madrid : Dykinson, 2011
Subjects:
Online Access:Acceso restringido

MARC

LEADER 00000nam a22000007a 4500
005 2012062908578.0
007 cr|||| ||||
008 120629s2011 sp |||||s|||| 00||0 spa d
020 |a 978-84-15454-85-4 
035 |a 6322 
040 |a vLex 
090 |c 3250  |d 3250 
100 1 |a Sǹchez de la Blanca, Teresa Belln̤ 
245 1 0 |a Horarios y sociedad  |h [Recurso electrn̤ico] :  |b una visin̤ multidisciplinar /  |c Teresa Belln̤ Sǹchez de la Blanca, Ignacio Buqueras y Bach  
256 |a Servicio en ln̕ea 
260 |a Madrid :  |b Dykinson,   |c 2011 
300 |a 1 recurso electrn̤ico 
506 1 |a Contenido solo disponible en los productos inidcados  |d vLex Global   |d vLex Global (Academic Edition, excluding Law Schools)   |d vLex Global (U.S. Academic Edition, Law Schools)   |d vLex Global (U.S. Academic Edition, excluding Law Schools)   |d vLex Global (Academic Edition, Law Schools)  
650 0 4 |a Jornada de trabajo 
650 0 4 |a Jornada de trabajo flexible 
700 1 |a Buqueras y Bach, Ignacio 
740 0 |a vLex Libros (Servicio en ln̕ea) 
856 4 0 |u http://vlex.com/source/horarios-sociedad-vision-multidisciplinar-6322  |z Acceso restringido 
942 |c BOOK 
999 0 |a Hours of labor, Flexible 
999 0 |a Hours of labor